000 00406nam a22001697a 4500
003 MPLRDC
005 20220104114216.0
008 210129b ||||| |||| 00| 0 eng d
082 _a782.886 XHD
100 _a张麟
245 _a徐海东将军传
_c
250 _a一版二刷
260 _a
_b解放军文艺出版社
_c1984
300 _b
650 _a徐海东传记
942 _cBK
_o782.886 XHD
999 _c5682
_d5672